[Event "St Petersburg-ch Seniors (Women)"]
[Site "St Petersburg"]
[Date "2022.09.29"]
[Round "6"]
[White "Kapelkina, Galina"]
[Black "Vasiukova, Ekaterina"]
[Result "0-1"]
[WhiteElo "1644"]
[BlackElo "1675"]
[PlyCount "89"]
[EventDate "2022.09.24"]
[EventType "swiss"]
[EventRounds "9"]
[EventCountry "RUS"]
[SourceTitle "CBM 210 Extra"]
[Source "ChessBase"]
[SourceDate "2022.11.30"]
[SourceVersion "1"]
[SourceVersionDate "2022.11.30"]
[SourceQuality "1"]

1. d4 d5 2. c4 e6 3. Nc3 Nf6 4. Nf3 c6 5. Bg5 Be7 6. e3 0-0 7. Rc1 b6 8. cxd5 cxd5 9. Bd3 Ba6 10. 0-0 Bxd3 11. Qxd3 Nbd7 12. Rc2 Ne8 13. Bxe7 Qxe7 14. Rfc1 Nd6 15. b3 Rfc8 16. Nb5 Rxc2 17. Rxc2 Nxb5 18. Qxb5 Qd8 19. Kf1 Rc8 20. Qd3 Rc7 21. Ke2 Qc8 22. Kd2 Nf6 23. Rxc7 Qxc7 24. Qc2 Ne4+ 25. Kc1 Qxc2+ 26. Kxc2 Nxf2 27. h3 Ne4 28. Ne5 Nd6 29. Nc6 a5 30. a3 Kf8 31. a4 Ke8 32. b4 axb4 33. Nxb4 Kd7 34. Nd3 Nc4 35. Ne5+ Nxe5 36. dxe5 Kc6 37. Kc3 Kc5 38. g3 f6 39. exf6 gxf6 40. g4 h6 41. h4 e5 42. h5 d4+ 43. Kb3 d3 44. Kc3 e4 45. Kb3 0-1

[Event "Moscow op (Women)"]
[Site "Moscow"]
[Date "2009.01.31"]
[Round "1"]
[White "Vasiukova, Ekaterina"]
[Black "Butuc, Maria"]
[Result "0-1"]
[WhiteElo "1762"]
[BlackElo "2182"]
[PlyCount "86"]
[EventDate "2009.01.31"]
[EventType "swiss"]
[EventRounds "9"]
[EventCountry "RUS"]
[SourceTitle "EXT 2012"]
[Source "ChessBase"]
[SourceDate "2011.11.24"]
[SourceVersion "1"]
[SourceVersionDate "2011.11.24"]
[SourceQuality "1"]

1. d4 d5 2. c4 c6 3. e3 Nf6 4. Nc3 a6 5. a4 e6 6. Bd3 a5 7. Nf3 Be7 8. 0-0 0-0 9. Bd2 Na6 10. Na2 Nc7 11. Qc2 h6 12. c5 Nd7 13. b4 axb4 14. Nxb4 e5 15. Nxe5 Nxe5 16. dxe5 Ne6 17. f4 Nxc5 18. Be2 Ne4 19. Rfb1 Nxd2 20. Qxd2 Qa5 21. Qb2 Bc5 22. Nc2 Bf5 23. Kf2 Qa7 24. Rc1 Bxc2 25. Rxc2 Bxe3+ 26. Kf3 Bd4 27. Rc3 Qa5 28. Raa3 Bxc3 29. Rxc3 Qxa4 30. Qc2 Qxc2 31. Rxc2 Ra3+ 32. Kf2 d4 33. Bf3 Rc3 34. Rd2 Rd8 35. Be4 Kf8 36. Ke2 Re3+ 37. Kf2 Rxe4 38. g3 d3 39. Kf3 Red4 40. Ke3 c5 41. f5 c4 42. e6 c3 43. Ra2 d2 0-1